Szczegóły MARC21

Kwadrant przepływu pieniędzy : poradnik bogatego ojca prowadzący do finansowej wolności /

003 -Nazwa inst., której nr kontr. jest w polu 001 [,]
    • @
    • Nazwa instytucji, której n kontrolny jest w polu 001
    • NUKAT
005 -DATA I CZAS OSTATNIEJ MODYFIKACJI [,]
    • @
    • pole kontrolne
    • 20250707155327.0
020 -Międzynarod. znormalizowany nr książki - ISBN [ , ]
    • a
    • Numer ISBN
    • 8391310027 Find
040 -Instytucja sporządzająca opis [ , ]
    • a
    • Instytucja, która sporządziła opis (NP)
    • KR 93/11SWB
    • c
    • Instytucja, która sporządziła rekord (NP)
    • KR 93/11SWB
    • d
    • Instytucja, która zmodyfikowała rekord (P)
    • KR 93/MD
    • d
    • Instytucja, która zmodyfikowała rekord (P)
    • KR 93/MSs
041 -Język dokumentu [1, ]
    • a
    • Język tekstu (P)
    • polski
    • h
    • Język tekstu oryginalnego i/lub pośredniego (P)
    • angielski
942 -Rodzaj dokumentu [ , ]
    • c
    • Rodzaj dokumentu
    • Książka
100 -Hasło główne - nazwa osobowa [1, ]
    • a
    • Nazwa osobowa (NP)
    • Kiyosaki, Robert T.
    • d
    • Daty biograficzne (NP)
    • (1947- ).
    • 9
    • KHW
    • 53353
245 -Strefa tytułu i oznaczenia odpowiedzialności [1,0]
    • a
    • Tytuł
    • Kwadrant przepływu pieniędzy : Find
    • b
    • Ciąg dalszy tytułu (NP)
    • poradnik bogatego ojca prowadzący do finansowej wolności / Find
    • c
    • Pozostałe elementy strefy tytułu i oznaczenia odpowiedzialności (NP)
    • Robert T. Kiyosaki i Sharon L. Lechter ; [przekł. Mariusz Ślusarczyk].
246 -Wariant tytułu [1, ]
    • i
    • Tekst wyświetlany na ekranie monitora (NP)
    • Tyt. oryg.:
    • a
    • Tytuł (NP)
    • Cashflow quadrant
260 -Strefa adresu wydawniczego [ , ]
    • a
    • Miejsce wydania (P)
    • [S.l.] :
    • b
    • Nazwa wydawcy (P)
    • Books & Software ;
    • a
    • Miejsce wydania (P)
    • Bydgoszcz :
    • b
    • Nazwa wydawcy (P)
    • Instytut Praktycznej Edukacji,
    • c
    • Data wydania (P)
    • [2001].
300 -Strefa opisu fizycznego [ , ]
    • a
    • Określenie formy książki i/lub objętość (NP)
    • VIII, 273 s. :
    • b
    • Oznaczenie ilustracji (NP)
    • rys. ;
    • c
    • Format (NP)
    • 23 cm.
336 -Typ zawartości [ , ]
    • a
    • Termin opisujący typ zawartości
    • Tekst
    • b
    • Kod określający zawartość
    • txt
    • 2
    • Źródło (terminu i kodu)
    • rdacontent
337 -Typ mediów [ , ]
    • a
    • Tryb odtwarzania
    • Bez urządzenia pośredniczącego
    • b
    • Kod typu mediów
    • n
    • 2
    • Źródło (terminu i kodu)
    • rdamedia
338 -Typ/rodzaj nośnika [ , ]
    • a
    • Hasło opisujące typ nośnika
    • Wolumin
    • b
    • Kod typu nośnika
    • nc
    • 2
    • Źródło (terminu i kodu)
    • rdacarrier
490 -Strefa serii i książki wielotomowej - forma nie do wyszukiwania [1, ]
    • a
    • Tytuł (P)
    • [Bogaty ojciec, biedny ojciec] / Robert T. Kiyosaki i Sharon L. Lechter ; Find
    • v
    • Numeracja (P)
    • cz. 2
500 -Uwaga ogólna [ , ]
    • a
    • Uwaga ogólna (NP)
    • Na okł.: Który kwadrant jest dla Ciebie najlepszy: pracownik, samozatrudniony, właściciel biznesu czy inwestor?
080 -Uniwersalna Klasyfikacja Dziesiętna [ , ]
    • a
    • Symbol klasyfikacji
    • 658
    • 2
    • Identyfikator wydania tablic
    • UDC-P058
    • 9
    • UKD
    • 5600
    • b
    • Dopowiedzenie
    • Zarządzanie biznesem. Organizacja przedsiębiorstwa. Organizacja i technika handlu.
    • 4
    • UKD2
    • 8168
    • x
    • Poddział wspólny
    • (083.1)
    • c
    • Dopowiedzenie poddz. wspólnego
    • (Przepisy. Instrukcje. Poradniki praktyczne).
080 -Uniwersalna Klasyfikacja Dziesiętna [ , ]
    • a
    • Symbol klasyfikacji
    • 336.22
    • 2
    • Identyfikator wydania tablic
    • UDC-P058
    • 9
    • UKD
    • 3131
    • b
    • Dopowiedzenie
    • Podatki. Opłaty.
    • 4
    • UKD2
    • 8168
    • x
    • Poddział wspólny
    • (083.1)
    • c
    • Dopowiedzenie poddz. wspólnego
    • (Przepisy. Instrukcje. Poradniki praktyczne).
080 -Uniwersalna Klasyfikacja Dziesiętna [ , ]
    • a
    • Symbol klasyfikacji
    • 336.7
    • 2
    • Identyfikator wydania tablic
    • UDC-P058
    • 9
    • UKD
    • 3164
    • b
    • Dopowiedzenie
    • Pieniądz. System monetarny. Bankowość. Giełdy.
    • 4
    • UKD2
    • 8168
    • x
    • Poddział wspólny
    • (083.1)
    • c
    • Dopowiedzenie poddz. wspólnego
    • (Przepisy. Instrukcje. Poradniki praktyczne).
650 -Hasło przedmiotowe [ ,7]
    • a
    • Hasło przedmiotowe
    • Finanse osobiste
    • v
    • Określnik formalny
    • poradniki.
    • 2
    • Źródło terminu
    • kaba
    • 9
    • KHW
    • 368133
650 -Hasło przedmiotowe [ ,7]
    • a
    • Hasło przedmiotowe
    • Inwestycje
    • v
    • Określnik formalny
    • poradniki.
    • 2
    • Źródło terminu
    • kaba
    • 9
    • KHW
    • 352582
650 -Hasło przedmiotowe [ ,7]
    • a
    • Hasło przedmiotowe
    • Sukces w biznesie
    • v
    • Określnik formalny
    • poradniki.
    • 2
    • Źródło terminu
    • kaba
    • 9
    • KHW
    • 360295
650 -Hasło przedmiotowe [ ,7]
    • a
    • Hasło przedmiotowe
    • Przepływ środków pieniężnych
    • v
    • Określnik formalny
    • poradniki.
    • 2
    • Źródło terminu
    • kaba
    • 9
    • KHW
    • 433718
980 -Symbol UKD [ , ]
    • a
    • UKD
    • 658:336.22:336.7](083.1)
700 -Hasło dodatkowe - nazwa osobowa [1, ]
    • a
    • Nazwa osobowa (NP)
    • Lechter, Sharon L. Find
    • 9
    • KHW
    • 53354
700 -Hasło dodatkowe - nazwa osobowa [1, ]
    • a
    • Nazwa osobowa (NP)
    • Ślusarczyk, Mariusz. Find
    • e
    • Określenie rodzaju współpracy
    • Tł.
    • 9
    • KHW
    • 91507
800 -Hasło dodatkowe opisu książki wielotomowej - nazwa osobowa [1, ]
    • a
    • Nazwa osobowa (NP)
    • Kiyosaki, Robert T.
    • d
    • Daty biograficzne (NP)
    • (1947- ).
    • t
    • Tytuł ujednolicony/tytuł (NP)
    • Rich dad, poor dad
    • l
    • Język tekstu (NP)
    • (pol.)
    • v
    • Oznaczenie tomu (NP)
    • cz. 2
    • 9
    • KHW
    • 433761
920 -ISBN [ , ]
    • a
    • ISBN
    • 83-913100-2-7 Find
Sygnatura Numer inwentarzowy Status udost. Lokalizacja Data inwentaryzacji
 S.89756-3BE2002-06-07
 S.89757-3BE2002-06-07
T.19818T.19818-2T2017-12-04